Stolice afryki środkowej - Statystyki

Ogólne statystyki
  • Ten quiz został rozwiązany 41 razy
  • Średni wynik to 7 z 8
Statystyki odpowiedzi
Państwo Stolica % Poprawnych
Demokratyczna Republika Konga (drk) Kinszasa
96%
Angola Luanda
96%
Czad Ndżamena
92%
Kongo Brazzaville
83%
Gabon Libreville
79%
Republika Środkowoafrykańska (rśa) Bangi
75%
Kamerun Jaunde
75%
Gwinea równikowa Malabo
67%
Nie znaleziono quizów pasujących do podanych kryteriów
Rozkład punktacji
Procent ludzi z każdym wynikiem
Percentyl według liczby udzielonych odpowiedzi
Twoja historia wyników
Nie rozwiązałeś tego quizu